Restoration - a three step process of church discipline {ch} / (Record no. 40618)
[ view plain ]
| 000 -LEADER | |
|---|---|
| fixed length control field | 00456nam a22001337a 4500 |
| 005 - DATE AND TIME OF LATEST TRANSACTION | |
| control field | 20170928152221.0 |
| 008 - FIXED-LENGTH DATA ELEMENTS--GENERAL INFORMATION | |
| fixed length control field | 170913b ph ||||| |||| 00| 0 eng d |
| 100 ## - MAIN ENTRY--PERSONAL NAME | |
| Personal name | Zhou Houhui |
| 245 ## - TITLE STATEMENT | |
| Title | Restoration - a three step process of church discipline {ch} / |
| Statement of responsibility, etc | by Zhou Houhui |
| 260 ## - PUBLICATION, DISTRIBUTION, ETC. (IMPRINT) | |
| Place of publication, distribution, etc | Valenzuela City : |
| Name of publisher, distributor, etc | BSOP, |
| Date of publication, distribution, etc | 2014. |
| 300 ## - PHYSICAL DESCRIPTION | |
| Extent | 117 leaves : |
| Dimensions | 28 cm. |
| 500 ## - GENERAL NOTE | |
| General note | Thesis (M. Div.) -- Biblical Seminary of the Philippines, March, 2014. |
| 942 ## - ADDED ENTRY ELEMENTS (KOHA) | |
| Source of classification or shelving scheme | Library of Congress Classification |
| Item type | Thesis |
| Withdrawn status | Lost status | Source of classification or shelving scheme | Damaged status | Not for loan | Home library | Current library | Shelving location | Date acquired | Inventory number | Total Checkouts | Barcode | Date last seen | Price effective from | Koha item type | Copy number |
|---|---|---|---|---|---|---|---|---|---|---|---|---|---|---|---|
| Library of Congress Classification | BSOP Library | BSOP Library | Thesis | 09/13/2017 | C-15001 | 00050201 | 09/13/2017 | 09/13/2017 | Thesis | ||||||
| Library of Congress Classification | BSOP Library | BSOP Library | Thesis | 09/14/2017 | C-15009 | 00050209 | 09/14/2017 | 09/14/2017 | Thesis | c.2 |
